東京都の漢字4文字の駅 - Statistics

General Stats
  • This quiz has been taken 96 times
  • The average score is 54 of 113
Answer Stats
Answer % Correct
西日暮里
87%
高田馬場
80%
西国分寺
80%
京急蒲田
75%
白金高輪
73%
西八王子
72%
赤坂見附
70%
清澄白河
68%
京成高砂
68%
新高円寺
68%
溜池山王
68%
中野坂上
68%
二子玉川
68%
学芸大学
66%
新日本橋
66%
小竹向原
65%
都立大学
65%
分倍河原
65%
三軒茶屋
63%
新御徒町
63%
府中本町
63%
門前仲町
63%
新高島平
62%
田園調布
62%
西高島平
62%
千歳烏山
61%
赤羽岩淵
58%
大森海岸
58%
京成上野
58%
西武新宿
58%
高尾山口
58%
千歳船橋
58%
東小金井
58%
池尻大橋
56%
新宿西口
56%
中野新橋
56%
武蔵小山
56%
大泉学園
55%
西早稲田
55%
馬喰横山
55%
王子神谷
54%
駒沢大学
54%
高幡不動
54%
東武練馬
54%
麻布十番
52%
戸越銀座
52%
仲御徒町
52%
東日本橋
52%
青物横丁
51%
上石神井
51%
東高円寺
51%
浮間舟渡
49%
牛込柳町
49%
京成曳舟
49%
下高井戸
49%
板橋本町
48%
西武立川
48%
穴守稲荷
46%
江戸川橋
46%
京成小岩
46%
京成立石
46%
志村坂上
46%
北八王子
45%
京王永山
45%
京成金町
45%
玉川上水
45%
京成関屋
44%
新整備場
44%
新三河島
44%
水天宮前
44%
千住大橋
44%
武蔵引田
44%
稲城長沼
42%
武蔵増戸
42%
六郷土手
42%
都立家政
41%
一橋学園
41%
若松河田
41%
大塚駅前
39%
多磨霊園
39%
花小金井
39%
東久留米
39%
芦花公園
39%
新江古田
38%
二重橋前
38%
王子駅前
37%
舎人公園
37%
荏原中延
35%
築地市場
35%
町屋駅前
35%
東大和市
34%
武蔵大和
34%
小伝馬町
32%
日向和田
32%
武蔵野台
32%
競艇場前
31%
京王片倉
31%
西武柳沢
31%
足立小台
30%
青梅街道
30%
亀戸水神
28%
新庚申塚
27%
新小金井
27%
砂川七番
27%
武蔵砂川
27%
武蔵新田
27%
富士見台
25%
泉体育館
24%
戸越公園
24%
甲州街道
23%
西太子堂
23%
学習院下
17%
巣鴨新田
15%
No matching quizzes found
Score Distribution
Percent of People with Each Score
Percentile by Number Answered
Your Score History
You have not taken this quiz